| 000 | 00881cam a2200301 i 4500 | ||
|---|---|---|---|
| 001 | 768714001 | ||
| 003 | CO-MdFUSB | ||
| 005 | 20240622081805.0 | ||
| 007 | ta | ||
| 008 | 160819t1970 -uk||||| |||| 00| 0 eng d | ||
| 020 | _a264-64514-6 | ||
| 040 |
_cCO-MdFUSB _dCO-MdFUSB |
||
| 041 | _aeng | ||
| 082 | 0 | 4 |
_a24 _2234.2 _bP541p |
| 100 | 1 | _aLampe, G. W. H. (Geoffrey William Hugo), (Editor) | |
| 245 | 0 | 4 |
_aThe phenomenon of Christian belief _c/ Edited by G. W. H. Lampe |
| 264 | 1 |
_aLondon : _bA. R. Mowbray, _c[1970] |
|
| 264 | 4 | _c©1970 | |
| 300 | _axi, 109 páginas | ||
| 336 |
_2rdacontent _atexto _btxt |
||
| 337 |
_2rdamedia _asin mediación _bn |
||
| 338 |
_2rdacarrier _avolumen _bnc |
||
| 501 | _aPasta dura | ||
| 505 | _aLa creencia - El Dios de Jesús - El Dios de los cristianos - La oración. | ||
| 653 | _aVida cristiana | ||
| 942 | _cBK | ||
| 945 | _amiguel | ||
| 999 |
_c46141 _d46141 |
||